LIBRARY ONLINE CATALOGUE

Multinational Finance. (Record no. 6179)

MARC details
000 -LEADER
fixed length control field 00626cam a22002172 4500
001 - CONTROL NUMBER
control field 0000003029
005 - DATE AND TIME OF LATEST TRANSACTION
control field 20151217151912.0
008 - FIXED-LENGTH DATA ELEMENTS--GENERAL INFORMATION
fixed length control field 070426s xx 000 0 eng d
020 ## - INTERNATIONAL STANDARD BOOK NUMBER
International Standard Book Number 0136053955 :
Terms of availability $
040 ## - CATALOGING SOURCE
Original cataloging agency KABU
Transcribing agency KABU
050 #0 - LIBRARY OF CONGRESS CALL NUMBER
Classification number HG4027.5
Item number .B83 1992
100 1# - MAIN ENTRY--PERSONAL NAME
Personal name Buckley, Adrian.
-- 0000152597
245 10 - TITLE STATEMENT
Title Multinational Finance.
250 ## - EDITION STATEMENT
Edition statement 2nd ed.
260 ## - PUBLICATION, DISTRIBUTION, ETC. (IMPRINT)
Place of publication, distribution, etc. New York :
Name of publisher, distributor, etc. Prentice Hall,
Date of publication, distribution, etc. 1992.
300 ## - PHYSICAL DESCRIPTION
Extent xii, 708 p ;
Dimensions cm.
650 #0 - SUBJECT ADDED ENTRY--TOPICAL TERM
Topical term or geographic name as entry element International business enterprises
General subdivision Finance.
-- 0000152529
908 ## - PUT COMMAND PARAMETER (RLIN)
Put command parameter 070426
950 ## - LOCAL HOLDINGS (RLIN)
-- 1
Holdings
Withdrawn status Lost status Source of classification or shelving scheme Not for loan Home library Current library Date acquired Total Checkouts Full call number Barcode Date last seen Price effective from Koha item type
    Library of Congress Classification   Kabarak, Main Campus Kabarak, Main Campus 17/12/2015   HG4027.5 .B83 1992 006989 17/12/2015 17/12/2015 General Collection